000 00206nam a2200085Ia 4500
008 120527s9999 xx 000 0 und d
100 _aCOOK and YOUNG
245 _aAdvanced mechanics of materials
942 _cBK
999 _c25597
_d25597